00335nam a2200121Ia 4500008004100000100001600041245006500057260004200122300000900164650001500173942000800188999001700196190216s9999||||xx |||||||||||||| ||und|| aKrishan Ms 0aState Bank And Other Banks Probationary Officers Examination bStream Lines Publishers Pvt Ltdc1985 a655p aState Bank cREF c35598d35598